Jazyk v strukturním pojetí : kapitoly ze synchronní a diachronní analýzy ruštiny /
Uložené v:
| Hlavný autor: | |
|---|---|
| Ďalší autori: | |
| Médium: | Kniha |
| Jazyk: | Czech Russian |
| Vydané: |
Praha :
Euroslavica : Slovanský ústav AV ČR,
2003
|
| Vydanie: | 1. vyd. |
| Edícia: | Práce Slovanského ústavu AV ČR
sv. 15 Nová řada |
| Témy: | |
| ISBN: |
8085494671 (viaz. ; Euroslavica) 8086420132 (viaz. ; Slovanský ústav AV ČR) |
| Fyzický popis: |
xxxiv, 476 s. : fotogr. ; 24 cm + 2 mapy |
| Tagy: |
Pridať tag
Žiadne tagy, Buďte prvý kto otaguje tento záznam!
|
Titul je dostupný aj v ... 

MARC
| LEADER | 00000nam a2200000|a|4500 | ||
|---|---|---|---|
| 001 | 000000687 | ||
| 003 | SVKK | ||
| 005 | 20050718085932.0 | ||
| 008 | 040319s2003 xr c e b 000 0 czeo | ||
| 020 | |a 8085494671 (viaz. ; Euroslavica) | ||
| 020 | |a 8086420132 (viaz. ; Slovanský ústav AV ČR) | ||
| 040 | |a SVKKK |b slo |c SVKKK |e AACR2 | ||
| 041 | 0 | |a cze |a rus |b ger |b eng | |
| 044 | |a xr |c CZ | ||
| 072 | 7 | |a 811.161 |x Východoslovanské jazyky |2 konspekt | |
| 080 | |a 811.161.1 |2 1997 | ||
| 080 | |a 81`0 |2 1997 | ||
| 080 | |a 81`282 |2 1997 | ||
| 080 | |a 81-112 |2 1997 | ||
| 080 | |a 811.16`0 |2 1997 | ||
| 080 | |a (048.8) |2 1997 | ||
| 100 | 1 | |a Leška, Oldřich |4 aut | |
| 245 | 1 | 0 | |a Jazyk v strukturním pojetí : |b kapitoly ze synchronní a diachronní analýzy ruštiny / |c Oldřich Leška ; k vydání připravila Zdena Skoumalová |
| 250 | |a 1. vyd. | ||
| 260 | |a Praha : |b Euroslavica : |b Slovanský ústav AV ČR, |c 2003 | ||
| 300 | |a xxxiv, 476 s. : |b fotogr. ; |c 24 cm + |e 2 mapy | ||
| 440 | 0 | |a Práce Slovanského ústavu AV ČR |v sv. 15 | |
| 440 | 0 | |p Nová řada | |
| 500 | |a Fotogr. na fronte | ||
| 504 | |a Bibliografia s. 439-446. Resumé nem., angl. | ||
| 650 | 0 | 7 | |a ruština |2 SVKKKPH |
| 650 | 0 | 7 | |a vývoj jazyka |2 SVKKKPH |
| 650 | 0 | 7 | |a dialekty |2 SVKKKPH |
| 650 | 0 | 7 | |a praslovančina |2 SVKKKPH |
| 650 | 0 | 7 | |a historická jazykoveda |2 SVKKKPH |
| 655 | 7 | |a štúdie |2 SVKKKPH | |
| 655 | 7 | |a výskumné správy |2 SVKKKPH | |
| 700 | 1 | |a Skoumalová, Zdena |4 com | |
| 919 | |a 80-85494-67-1 | ||
| 919 | |a 80-86420-13-2 | ||
| 998 | |a BK | ||
| 090 | |g SCKHL |k Sklad Pribinova prízemie |a IV.190323 |j 960123 |i 2720021748 |s Absenčne | ||